|
|
|
|
| LEADER |
00000nab a2200000 a 4500 |
| 001 |
vtls009165378 |
| 003 |
SK-MaSNL |
| 005 |
20260305002358.0 |
| 008 |
250507c1951 xo |||||| | ||00 b|slo |
| 015 |
|
|
|a SNBRB2007/12
|2 snkbucl
|
| 035 |
|
|
|a (uuid)2a124ac5-1d1c-430a-b666-cc33ff449bb4
|
| 035 |
|
|
|a urn:nbn:sk:snk-ab1ewj
|
| 035 |
|
|
|a (urnnbn)urn:nbn:sk:snk:ar-0032no
|
| 038 |
|
|
|a SNKBUCL
|
| 040 |
|
|
|a SNKBUCL
|b slo
|c SNKBUCL
|e AACR2
|
| 041 |
0 |
|
|a slo
|
| 044 |
|
|
|a xo
|c SK
|
| 080 |
|
|
|a 811.162.4`373.46
|2 1997
|
| 080 |
|
|
|a 81`373.46:811.162.4
|2 1997
|
| 100 |
1 |
|
|a Ružička, Jozef,
|d 1916-1989
|4 aut
|9 86113
|
| 245 |
1 |
0 |
|a Z jazykovednej terminologie
|b pomenovacie prostriedky
|c Jozef Ružička
|
| 650 |
0 |
7 |
|a slovenčina
|2 snkbucl
|9 1350
|
| 650 |
0 |
7 |
|a lingvistika
|2 snkbucl
|9 860
|
| 650 |
0 |
7 |
|a odborná terminológia
|2 snkbucl
|9 3616
|
| 650 |
0 |
7 |
|a lingvistické termíny
|2 snkbucl
|9 1540792
|
| 773 |
0 |
|
|t Slovenská reč
|g Roč. XVI, č. 6 (1950/1951), s. 180-181
|
| 850 |
|
|
|a Slovenská národná knižnica
|
| 852 |
|
|
|a Slovenská národná knižnica
|
| 954 |
|
|
|a odborná, vedecká literatúra pôvodná (slovenská)
|2 lita
|
| 958 |
|
|
|a article27
|
| 958 |
|
|
|a OND
|
| 958 |
|
|
|a EUIPO
|
| 999 |
|
|
|c 3225260
|d 3227190
|